Výročná správa ...
| Corporate Author: | |
|---|---|
| Other Authors: | , |
| Format: | Serial |
| Language: | Slovak |
| PhysicalDescription: | zv. grafy, tab. 21 cm |
| Published: |
Nitra
Fakulta sociálnych vied a zdravotníctva UKF
2008-
|
| ISBN: | 9788080943769 (brož. : 2007) 9788080948818 (brož. : 2010) 9788055800622 (brož. : 2011) 9788080946722 (brož. : 2009) 9788055803982 (brož. : 2012) 9788055806266 (brož. : 2013) 9788055808000 (brož. : 2014) 9788055810072 (brož. : 2015) 9788055811765 (brož. : 2016) 9788055813264 (brož. : 2017) 9788080945169 (brož. : 2008) 9788055814148 (brož. : 2018) |
| Subjects: |
MARC
| LEADER | 00000cas a2200000 a 4500 | ||
|---|---|---|---|
| 001 | vtls009944622 | ||
| 003 | SK-MaSNL | ||
| 005 | 20260228162354.0 | ||
| 008 | 090828c20089999xo ar| 0 b0slo | ||
| 015 | |a SNB2010/02-00919 (2007) |a SNB2012/04-01373 (2009) |a SNB2012/03-00576 (2010) |a SNB2012/04-01209 (2011) |a SNB2015-(r. 2012, r. 2013, r. 2014) |a SNB2016-(r. 2015) |a SNB2018-(r. 2016) |a SNB2019-(r. 2008, r. 2017) |a SNB2021-(r. 2018) | ||
| 020 | |a 9788080943769 (brož. : 2007) | ||
| 020 | |a 9788080948818 (brož. : 2010) | ||
| 020 | |a 9788055800622 (brož. : 2011) | ||
| 020 | |a 9788080946722 (brož. : 2009) | ||
| 020 | |a 9788055803982 (brož. : 2012) | ||
| 020 | |a 9788055806266 (brož. : 2013) | ||
| 020 | |a 9788055808000 (brož. : 2014) | ||
| 020 | |a 9788055810072 (brož. : 2015) | ||
| 020 | |a 9788055811765 (brož. : 2016) | ||
| 020 | |a 9788055813264 (brož. : 2017) | ||
| 020 | |a 9788080945169 (brož. : 2008) | ||
| 020 | |a 9788055814148 (brož. : 2018) | ||
| 035 | |a (SKP)vtls000058213 | ||
| 040 | |a BA001 |b slo |c BA001 |d SNK |e AACR2 | ||
| 041 | 0 | |a slo | |
| 043 | |a e-xo--- | ||
| 044 | |a xo |c SK | ||
| 072 | 7 | |a 378 |x Vysoké školy |2 konspekt | |
| 080 | |a 378.4 |2 2011 | ||
| 080 | |a (437.6) |2 2011 | ||
| 080 | |a (047.1) |2 2011 | ||
| 110 | 2 | |a Univerzita Konštantína Filozofa v Nitre. |b Fakulta sociálnych vied a zdravotníctva |9 178447 | |
| 245 | 1 | 0 | |a Výročná správa ... |c Fakulta sociálnych vied a zdravotníctva Univerzity Konštantína Filozofa v Nitre |
| 246 | 1 | |i Názov v tiráži: |a Výročná správa Fakulty sociálnych vied a zdravotníctva Univerzity Konštantína Filozofa v Nitre za rok ... | |
| 246 | 1 | 3 | |a Výročná správa o činnosti Fakulty sociálnych vied a zdravotníctva za rok ... |f 2016 |
| 246 | 1 | 8 | |a Výročná správa FSVAZ UKF ... |
| 246 | 3 | 3 | |a Výročná správa - Univerzita Konštantína Filozofa v Nitre, Fakulta sociálnych vied a zdravotníctva |
| 260 | |a Nitra |b Fakulta sociálnych vied a zdravotníctva UKF |c 2008- | ||
| 300 | |a zv. |b grafy, tab. |c 21 cm | ||
| 310 | |a 1x ročne | ||
| 362 | 0 | |a 2007- | |
| 500 | |a Súčasťou názvu je označenie roku | ||
| 500 | |a Editor: 2012-2014, Eva Sollárová ; 2015-2018, Rastislav Rosinský | ||
| 650 | 0 | 7 | |a univerzity |2 SNKPH |9 22152 |
| 650 | 0 | 7 | |a Universities |2 SNKPHeng |9 265407 |
| 651 | 7 | |a Nitra (Slovensko) |2 SNKPHgeo |9 15714 | |
| 651 | 7 | |a Nitra (Slovakia) |2 SNKPHeng |9 265425 | |
| 655 | 7 | |a výročné správy |2 SNKPH |9 70580 | |
| 655 | 7 | |a Annual reports |2 SNKPHeng |9 265598 | |
| 700 | 1 | |a Sollárová, Eva, |d 1954- |4 edt |9 206896 | |
| 700 | 1 | |a Rosinský, Rastislav, |d 1973- |4 edt |9 26313 | |
| 910 | |a snk | ||
| 919 | |a 978-80-8094-376-9 | ||
| 919 | |a 978-80-8094-881-8 | ||
| 919 | |a 978-80-558-0062-2 | ||
| 919 | |a 978-80-8094-672-2 | ||
| 919 | |a 978-80-558-0398-2 | ||
| 919 | |a 978-80-558-0626-6 | ||
| 919 | |a 978-80-558-0800-0 | ||
| 919 | |a 978-80-558-1007-2 | ||
| 919 | |a 978-80-558-1176-5 | ||
| 919 | |a 978-80-558-1326-4 | ||
| 919 | |a 978-80-8094-516-9 | ||
| 919 | |a 978-80-558-1414-8 | ||
| 999 | |c 7736 |d 9666 | ||
| 952 | |0 0 |1 0 |4 0 |7 0 |8 0 |a SNK |b SNK |d 2009-09-11 |i snk2009/16452 |l 0 |o snkČSD 2463/2007 |p 17A0609764 |r 2026-02-21 19:31:15 |w 2026-02-21 |y PREZ | ||
| 952 | |0 0 |1 0 |4 0 |7 0 |8 0 |a SNK |b SNK |d 2018-02-20 |i snk2018/4506 |l 0 |o snkČSD 2463/2016 |p 17A1267684 |r 2026-02-21 19:56:25 |w 2026-02-21 |y PREZ | ||
| 952 | |0 0 |1 0 |4 0 |7 0 |8 0 |a SNK |b SNK |d 2018-02-20 |i snk2018/4507 |l 0 |o snkČSD 2463/2016 D1 |p 17A1267685 |r 2026-02-21 19:56:25 |w 2026-02-21 |y PREZ | ||
| 952 | |0 0 |1 0 |4 0 |7 0 |8 0 |a SNK |b SNK |d 2009-09-11 |i snk2009/16455 |l 0 |o snkČSD 2463/2007 D1 |p 17A0609765 |r 2026-02-21 20:22:22 |w 2026-02-21 |y PREZ | ||
| 952 | |0 0 |1 0 |4 0 |7 0 |8 0 |a SNK |b SNK |d 2012-09-19 |i snk2012/18362 |l 0 |o snkČSD 2463/2011 |p 17A0866316 |r 2026-02-21 20:30:50 |w 2026-02-21 |y PREZ | ||
| 952 | |0 0 |1 0 |4 0 |7 0 |8 0 |a SNK |b SNK |d 2012-09-19 |i snk2012/18363 |l 0 |o snkČSD 2463/2011 D1 |p 17A0866317 |r 2026-02-21 20:30:50 |w 2026-02-21 |y PREZ | ||
| 952 | |0 0 |1 0 |4 0 |7 0 |8 0 |a SNK |b SNK |d 2012-06-12 |i snk2012/11427 |l 0 |o snkČSD 2463/2010 |p 17A0719401 |r 2026-02-21 21:02:04 |w 2026-02-21 |y PREZ | ||
| 952 | |0 0 |1 0 |4 0 |7 0 |8 0 |a SNK |b SNK |d 2012-06-12 |i snk2012/11428 |l 0 |o snkČSD 2463/2010 D1 |p 17A0719402 |r 2026-02-21 21:02:04 |w 2026-02-21 |y PREZ | ||
| 952 | |0 0 |1 0 |4 0 |7 0 |8 0 |a SNK |b SNK |d 2012-11-26 |i snk2012/24323 |l 0 |o snkČSD 2463/2009 D1 |p 17A0866505 |r 2026-02-21 21:02:16 |w 2026-02-21 |y PREZ | ||
| 952 | |0 0 |1 0 |4 0 |7 0 |8 0 |a SNK |b SNK |d 2012-11-26 |i snk2012/24322 |l 0 |o snkČSD 2463/2009 |p 17A0866504 |r 2026-02-21 21:02:17 |w 2026-02-21 |y PREZ | ||
| 952 | |0 0 |1 0 |4 0 |7 0 |8 0 |a SNK |b SNK |d 2021-07-08 |i snk2021/8275 |l 0 |o snkČSD 2463/2018 |p 17A1433690 |r 2026-02-21 21:39:44 |w 2026-02-21 |y PREZ |z Rok vydania: 2019 | ||
| 952 | |0 0 |1 0 |4 0 |7 0 |8 0 |a SNK |b SNK |d 2021-07-08 |i snk2021/8276 |l 0 |o snkČSD 2463/2018 D1 |p 17A1433691 |r 2026-02-21 21:39:45 |w 2026-02-21 |y PREZ |z Rok vydania: 2019 | ||
| 952 | |0 0 |1 0 |4 0 |7 0 |8 0 |a SNK |b SNK |d 2015-11-27 |i snk2015/32093 |l 0 |o snkČSD 2463/2012 |p 17A1085224 |r 2026-02-21 21:46:37 |w 2026-02-21 |y PREZ | ||
| 952 | |0 0 |1 0 |4 0 |7 0 |8 0 |a SNK |b SNK |d 2015-11-27 |i snk2015/32094 |l 0 |o snkČSD 2463/2012 D1 |p 17A1085223 |r 2026-02-21 21:46:37 |w 2026-02-21 |y PREZ | ||
| 952 | |0 0 |1 0 |4 0 |7 0 |8 0 |a SNK |b SNK |d 2015-11-27 |i snk2015/32100 |l 0 |o snkČSD 2463/2013 |p 17A1085226 |r 2026-02-21 21:46:38 |w 2026-02-21 |y PREZ | ||
| 952 | |0 0 |1 0 |4 0 |7 0 |8 0 |a SNK |b SNK |d 2015-11-27 |i snk2015/32102 |l 0 |o snkČSD 2463/2013 D1 |p 17A1085227 |r 2026-02-21 21:46:38 |w 2026-02-21 |y PREZ | ||
| 952 | |0 0 |1 0 |4 0 |7 0 |8 0 |a SNK |b SNK |d 2015-12-17 |i snk2015/33832 |l 0 |o snkČSD 2463/2014 |p 17A1085187 |r 2026-02-21 21:47:02 |w 2026-02-21 |y PREZ | ||
| 952 | |0 0 |1 0 |4 0 |7 0 |8 0 |a SNK |b SNK |d 2015-12-17 |i snk2015/33833 |l 0 |o snkČSD 2463/2014 D1 |p 17A1085186 |r 2026-02-21 21:47:02 |w 2026-02-21 |y PREZ | ||
| 952 | |0 0 |1 0 |4 0 |7 0 |8 0 |a SNK |b SNK |d 2016-08-31 |i snk2016/20391 |l 0 |o snkČSD 2463/2015 |p 17A1202778 |r 2026-02-21 22:03:18 |w 2026-02-21 |y PREZ | ||
| 952 | |0 0 |1 0 |4 0 |7 0 |8 0 |a SNK |b SNK |d 2016-08-31 |i snk2016/20393 |l 0 |o snkČSD 2463/2015 D1 |p 17A1202779 |r 2026-02-21 22:03:18 |w 2026-02-21 |y PREZ | ||
| 952 | |0 0 |1 0 |4 0 |7 0 |8 0 |a SNK |b SNK |d 2019-01-14 |i snk2019/1054 |l 0 |o snkČSD 2463/2017 |p 17A1339793 |r 2026-02-21 22:20:50 |w 2026-02-21 |y PREZ | ||
| 952 | |0 0 |1 0 |4 0 |7 0 |8 0 |a SNK |b SNK |d 2019-01-14 |i snk2019/1055 |l 0 |o snkČSD 2463/2017 D1 |p 17A1339794 |r 2026-02-21 22:20:50 |w 2026-02-21 |y PREZ | ||
| 952 | |0 0 |1 0 |4 0 |7 0 |8 1 |a SNK |b SNK |d 2019-07-12 |i snk2019/18689 |l 0 |o snkČSD 2463/2008 |p 17A1369221 |r 2026-02-21 22:21:41 |w 2026-02-21 |y PREZ | ||


